| 000 | 01050nam a2200253Ia 4500 | ||
|---|---|---|---|
| 003 | OSt | ||
| 005 | 20200814174436.0 | ||
| 008 | 191128t1995 ck gr 001 0 spa d | ||
| 020 | _a9583500380 | ||
| 040 |
_aCO-JMCR _cCO-JMCR |
||
| 041 | 0 | _aspa | |
| 082 | 0 | 4 |
_a345 / _bV434d _223 |
| 100 | 1 |
_aVelásquez Velásquez, Fernando, _eautor _98813 |
|
| 245 | 1 | 0 |
_aDerecho penal : _bparte general / _cFernando Velásquez Velásquez |
| 250 | _aSegunda edición | ||
| 260 |
_aBogotá : _bTemis, _c©1995 |
||
| 300 |
_a773 páginas ; _c24 cm. |
||
| 500 | _aIncluye índice de autores, de disposiciones y de materias. | ||
| 504 | _aBibliografía: páginas [717]-721 | ||
| 505 | 0 | _aEl derecho penal y los saberes penales -- El concepto de derecho penal -- La división y relaciones del derecho penal -- Las fuentes del derecho penal -- La norma penal -- La interpretación de la norma -- Los ámbitos de la validez de la norma penal | |
| 650 | 1 | 4 |
_aDerecho penal _zColombia _98555 |
| 650 | 1 | 4 |
_aConceptos de la norma penal _zColombia _98814 |
| 942 |
_2ddc _cBK |
||
| 999 |
_c3653 _d3653 |
||